000 00587nam a2200193 a 4500
001 20210
003 CO-ViMGA
008 141112s2004 ck r 000 u spa d
020 _a9706250123
040 _aCO-ViMGA
_bspa
_cCO-ViMGA
082 0 4 _a658.404 H195a
100 1 _aHaynes, Marion
_929224
245 1 0 _aAdministración de proyectos :
_bdesde la idea hasta la implantación
260 _aMexico :
_bGrupo Editorial IberoAmérica,
_c1998
300 _a85 p.
590 _aForma de adquisición : Premio Mincultura
650 1 4 _aPROYECTOS - ADMINISTRACION
_953429
942 _2ddc
_cBK
999 _c29257
_d29257